Santa María de la Mar (Record no. 30248)

MARC details
000 -LEADER
campo de control de longitud fija 00510nam a2200145 i 4500
001 - NÚMERO DE CONTROL
campo de control 30248
003 - IDENTIFICADOR DE NÚMERO DE CONTROL
campo de control ES-MaACL
007 - CAMPO FIJO DE DESCRIPCIÓN FÍSICA--INFORMACIÓN GENERAL
campo de control de longitud fija t|
008 - DATOS DE LONGITUD FIJA--INFORMACIÓN GENERAL
campo de control de longitud fija 030124s1925 sp ||||1| spa d
100 1# - ENTRADA PRINCIPAL--NOMBRE DE PERSONA
Nombre de persona Bassegoda i Amigó, Buenaventura.
9 (RLIN) 26308
245 10 - MENCIÓN DEL TÍTULO
Título Santa María de la Mar
Resto del título : monografía histórica-artística /
Mención de responsabilidad, etc. por Buenaventura Bassegoda i Amigó.
260 ## - PUBLICACIÓN, DISTRIBUCIÓN, ETC.
Lugar de publicación, distribución, etc. Barcelona :
Nombre del editor, distribuidor, etc. [s.n.,
Fecha de publicación, distribución, etc. 1925] (
Fabricante Industrias Gráficas J. Thomas)
300 ## - DESCRIPCIÓN FÍSICA
Extensión 459 p., 4 lám. col., 6 h. plan. ;
Dimensiones 29 cm.
852 ## - LOCALIZACIÓN
Ubicación ES-MaACL
Número de control de estantería C-6750
Holdings
Estatus retirado Estado de pérdida Estado de daño No para préstamo Biblioteca de origen Biblioteca actual Ubicación en estantería Fecha de adquisición Fuente de adquisición Total de préstamos Signatura topográfica completa Código de barras Visto por última vez Precio de reemplazo Tipo de ítem Koha
        Biblioteca del Ateneo de Madrid Biblioteca del Ateneo de Madrid Sala Palomar 17/01/2008     C-6750 1031227 23/02/2023 23/02/2023 Libro impreso